Statistics for Alternative names for Christian Denominations

Click here to take the quiz!

General Stats

  • This quiz has been taken 45 times
  • The average score is 4 of 6

Answer Stats

HintAnswer% Correct
MormonsChurch of Jesus Christ of Latter-Day Saints
100%
MennonitesAnabaptists
83%
EpiscopaliansChurch of England
78%
QuakersUnited (Religious) Society of Friends
70%
CongregationalistsUnited Church of Christ
52%
ShakersUnited Society of Believers in Christ's Second Coming
48%

Score Distribution

Percentile by Number Answered

Percent of People with Each Score

Your Score History

You have not taken this quiz